Normal view
MARC view
- عقود التأمين -- قانون
Entry Topical Term
001 - CONTROL NUMBER
- control field: 46773
003 - CONTROL NUMBER IDENTIFIER
- control field: JO-AjAnu
005 - DATE AND TIME OF LATEST TRANSACTION
- control field: 20230606081728.0
008 - FIXED-LENGTH DATA ELEMENTS
- fixed length control field: 230606|| aca||aabn | a|a d
040 ## - CATALOGING SOURCE
- Original cataloging agency: JO-AjAnu
- Transcribing agency: JO-AjAnu
150 ## - HEADING--TOPICAL TERM
- Topical term or geographic name entry element: عقود التأمين -- قانون
670 ## - SOURCE DATA FOUND
- Source citation: Work cat.: (JO-AjAnu)23940: إعداد هيثم حامد خليل المصاروه؛ إشراف نزيه محمد الصادق المهدي, author 46772, عقد التأمين التعاوني " دراسة مقارنة "